[Event "Druzynowe Mistrzostwa Polski Juniorow - II liga"]
[Site "Sypniewo k. Jastowia"]
[Date "2024-06-17"]
[Round "7.38"]
[White "Lonski, Aleksander"]
[Black "Misiek, Stanislaw"]
[Result "0-1"]
[WhiteTitle "I+"]
[BlackTitle "I"]
[WhiteElo "1852"]
[BlackElo "1805"]

1. e4 e5 2. Nf3 Nc6 3. c3 d5 4. exd5 Qxd5 5. d4 Bg4 6. Be2 exd4 7. cxd4 Bb4+ 8.
Nc3 Bxf3 9. Bxf3 Qc4 10. Bxc6+ bxc6 11. Bd2 Ne7 12. Qg4 h5 13. Qe2 Qxe2+ 14. Kxe2
O-O-O 15. Be3 Rhe8 16. Kd3 Nf5 17. Kc4 Nxe3+ 18. fxe3 Bxc3 19. bxc3 Rxe3 20. Rhf1
f6 21. Rf5 h4 22. Rh5 g5 23. Rf1 Rd6 24. Rf2 Rde6 25. Rh6 c5 26. dxc5 R6e4+ 27.
Kb5 Rxc3 28. Rfxf6 Re5 29. Rc6 Kb7 30. Rhe6 Rd5 31. a4 Rd4 32. Rg6 Rb3+ 33. Ka5
Rbb4 0-1

[Event "Druzynowe Mistrzostwa Polski Juniorow - II liga"]
[Site "Sypniewo k. Jastowia"]
[Date "2024-06-17"]
[Round "7.39"]
[White "Majcher, Igor"]
[Black "Jodlowski, Robert"]
[Result "1/2-1/2"]
[WhiteTitle "I"]
[BlackTitle "II"]
[WhiteElo "2003"]
[BlackElo "1675"]

1. c4 e6 2. Nc3 Nf6 3. Nf3 b6 4. e4 Bb7 5. d3 d5 6. cxd5 exd5 7. e5 Nfd7 8. d4
Be7 9. Be3 a6 10. a4 Nf8 11. Qb3 a5 12. Rc1 Ne6 13. Bd3 O-O 14. O-O c6 15. Rfd1
Na6 16. Na2 Nb4 17. Nxb4 Bxb4 18. Qc2 h6 19. Qe2 Qe7 20. Bb1 Rfd8 21. Qc2 Nf8
22. g3 Rac8 23. Nh4 c5 24. Qe2 cxd4 25. Bxd4 Ne6 26. Qd3 g6 27. Bxb6 Qg5 28. Be3
Qxe5 29. Bxh6 Qxb2 30. Rxc8 Rxc8 31. Nxg6 fxg6 32. Qxg6+ Ng7 33. Qh7+ Kf8 34.
Qf5+ Kg8 35. Qh7+ Kf8 36. Qf5+ Kg8 37. Qh7+ Kf8 38. Qf5+ 1/2-1/2

[Event "Druzynowe Mistrzostwa Polski Juniorow - II liga"]
[Site "Sypniewo k. Jastowia"]
[Date "2024-06-17"]
[Round "7.40"]
[White "Wites, Adam"]
[Black "Radziszewski, Leon"]
[Result "1-0"]
[WhiteTitle "II+"]
[BlackTitle "II"]
[WhiteElo "1657"]
[BlackElo "1401"]

1. e4 e5 2. Nf3 Nc6 3. Bb5 a6 4. Bxc6 dxc6 5. O-O Bd6 6. c3 Bg4 7. d4 Bxf3 8. Qxf3
Ne7 9. Rd1 Ng6 10. Nd2 O-O 11. Nc4 Qe7 12. Ne3 Rad8 13. Nf5 Qf6 14. Qg4 Ra8 15.
f4 Be7 16. dxe5 Qe6 17. g3 Bc5+ 18. Kh1 Rad8 19. Re1 Qc4 20. Kg2 Qd3 21. Qe2 Qd7
22. Be3 Bxe3 23. Qxe3 Ne7 24. Nd4 c5 25. Nf3 Qb5 26. b3 Rd3 27. Qc1 Rfd8 28. Qc2
Qd7 29. f5 Kh8 30. Nd4 Rxd4 31. cxd4 Qxd4 32. Rad1 1-0

[Event "Druzynowe Mistrzostwa Polski Juniorow - II liga"]
[Site "Sypniewo k. Jastowia"]
[Date "2024-06-17"]
[Round "7.41"]
[White "Dura, Anna"]
[Black "Grzesik, Nikola"]
[Result "1/2-1/2"]
[WhiteTitle "I"]
[BlackTitle "I"]
[WhiteElo "1618"]
[BlackElo "1635"]

1. d4 Nf6 2. c4 e6 3. Nc3 Bb4 4. Bd2 O-O 5. Nf3 c5 6. e3 d5 7. Be2 b6 8. Nb1 Bxd2+
9. Nbxd2 Nbd7 10. O-O Bb7 11. Nb3 Rc8 12. Rc1 Ne4 13. h3 dxc4 14. Bxc4 Nd6 15.
Be2 c4 16. Nbd2 b5 17. a4 a6 18. Qc2 h6 19. axb5 axb5 20. Qc3 Nf6 21. Nb1 Be4
22. Na3 Nd5 23. Qd2 Qb6 24. Ne5 Rfd8 25. f3 Bh7 26. e4 Ne7 27. Kh1 f6 28. Ng4
h5 29. Ne3 e5 30. Rfd1 Kf8 31. Nac2 Nb7 32. Qc3 exd4 33. Rxd4 Rxd4 34. Qxd4 Qxd4
35. Nxd4 Nd6 36. Nec2 Bg8 37. Ne3 Bf7 38. Kg1 Ke8 39. Kf2 Kd7 40. g3 Ke8 41. g4
h4 1/2-1/2

[Event "Druzynowe Mistrzostwa Polski Juniorow - II liga"]
[Site "Sypniewo k. Jastowia"]
[Date "2024-06-17"]
[Round "7.42"]
[White "Smagala, Oliwia"]
[Black "Wawrzyniak, Aleksandra"]
[Result "0-1"]
[WhiteTitle "II"]
[BlackTitle "II"]
[WhiteElo "1528"]
[BlackElo "1495"]

1. e4 e5 2. Nf3 Nc6 3. c3 Nf6 4. d4 exd4 5. e5 Nd5 6. cxd4 d6 7. Bc4 Nb6 8. Bb5
a6 9. Bxc6+ bxc6 10. O-O Be7 11. exd6 cxd6 12. Nc3 O-O 13. Re1 Re8 14. h4 Bg4
15. Qd3 Bxf3 16. Qxf3 Bxh4 17. Rxe8+ Qxe8 18. Be3 d5 19. b3 Bf6 20. Ne2 Qe7 21.
Qg4 Kh8 22. Rc1 Rc8 23. Nf4 Qd7 24. Qxd7 Nxd7 25. Nd3 Kg8 26. Nb4 Nb8 27. Bf4
a5 28. Bxb8 axb4 29. Ba7 Be7 30. Bc5 Kf8 31. Rc2 Bxc5 32. Rxc5 Rc7 33. Ra5 Ke7
34. a3 bxa3 35. Rxa3 Rb7 36. Kf1 Kd6 37. Ke2 Rb6 38. Ra7 Ke6 39. Ra3 g6 40. g3
h5 41. Kd2 Kd6 42. Kc3 Rb7 43. b4 Kc7 44. Ra2 Kd6 45. Ra3 Ke6 46. f3 Rc7 47. Ra6
Kf5 48. Kd3 g5 49. Ra8 h4 50. gxh4 gxh4 51. Rh8 Kf4 52. Rxh4+ Kxf3 53. Rh5 Kg4
54. Rh8 Kg5 55. Rg8+ Kf6 56. Rg1 Ke6 57. Re1+ Kd7 58. Rf1 Ke8 59. Re1+ Re7 60.
Rxe7+ Kxe7 61. Ke3 Ke6 62. Kf4 f6 63. Kg4 Kf7 64. Kf5 Ke7 65. Kf4 Kd7 66. Kf5
Kc7 67. Kxf6 Kb6 68. Ke6 Kb5 69. Kd6 Kxb4 70. Kxc6 Kc4 71. Kb6 Kxd4 72. Kb5 Kc3
73. Ka4 d4 74. Ka3 d3 75. Ka2 d2 76. Ka3 d1=Q 77. Ka2 Qb3+ 0-1

[Event "Druzynowe Mistrzostwa Polski Juniorow - II liga"]
[Site "Sypniewo k. Jastowia"]
[Date "2024-06-17"]
[Round "7.43"]
[White "Semenowicz, Julian"]
[Black "Lochinski, Pawel"]
[Result "1-0"]
[WhiteTitle "II"]
[BlackTitle "I"]
[WhiteElo "1632"]
[BlackElo "1857"]

1. Nf3 Nf6 2. b3 d5 3. e3 Bf5 4. Bb2 e6 5. Be2 h6 6. O-O Nbd7 7. c4 c6 8. d4 Be7
9. Nbd2 O-O 10. Rc1 Bd6 11. Ne5 Qc7 12. f4 Ne4 13. Bf3 f6 14. Bxe4 dxe4 15. Ng4
Bxg4 16. Qxg4 f5 17. Qg6 Rf6 18. Qh5 Qa5 19. Nxe4 Qxa2 20. Nxf6+ Nxf6 21. Qe2
Qxb3 22. Rfd1 Ne4 23. Rd3 Qa2 24. c5 Be7 25. Ra3 Qd5 26. Rca1 a6 27. Qc2 b6 28.
cxb6 Bxa3 29. Bxa3 Nd6 30. Qc5 Nb7 31. Qe7 Na5 32. Bd6 Qb5 33. Be5 1-0

[Event "Druzynowe Mistrzostwa Polski Juniorow - II liga"]
[Site "Sypniewo k. Jastowia"]
[Date "2024-06-17"]
[Round "7.44"]
[White "Jablonski, Antoni"]
[Black "Rygiel, Kacper"]
[Result "1-0"]
[WhiteTitle "I+"]
[BlackTitle "II"]
[WhiteElo "1938"]
[BlackElo "1563"]

1. d4 d5 2. c4 c6 3. e3 Nf6 4. Nc3 a6 5. Qc2 Bg4 6. Nge2 Bxe2 7. Bxe2 e6 8. O-O
Nbd7 9. e4 dxe4 10. Nxe4 Nxe4 11. Qxe4 Nf6 12. Qe3 Be7 13. b3 O-O 14. Bb2 Qc7
15. Rfd1 Rad8 16. Rd2 Rd7 17. Rad1 Rfd8 18. g3 h6 19. Bc3 c5 20. Bf3 Ne8 21. Bg2
Nd6 22. d5 exd5 23. Bxd5 Re8 24. Qd3 Bf8 25. Qf3 Qd8 26. a3 Qg5 27. b4 Rde7 28.
h4 Qg6 29. Kh2 Nf5 30. Rd3 Re2 31. h5 Qg5 32. Bd2 Qf6 33. Bc3 Qg5 34. Bxb7 R8e7
35. Bd5 Re8 36. Bc6 R8e7 37. Bd7 g6 38. Bxf5 gxf5 39. Rd5 Qg4 40. Qxf5 Rxf2+ 41.
Qxf2 Re2 42. Kg1 Rxf2 43. Kxf2 Qxc4 44. R5d3 cxb4 45. axb4 Qg4 46. Rd5 Qc4 47.
R1d3 Qa2+ 48. Kf3 Qa4 49. Rd8 Qc6+ 50. Kf2 Qb6+ 51. Kg2 Qc6+ 52. Kh2 Qb5 53. Bf6
Qxh5+ 54. Kg1 Kh7 55. Rxf8 1-0

[Event "Druzynowe Mistrzostwa Polski Juniorow - II liga"]
[Site "Sypniewo k. Jastowia"]
[Date "2024-06-17"]
[Round "7.45"]
[White "Owczarek, Marcin"]
[Black "Modzelan, Wojciech"]
[Result "0-1"]
[WhiteTitle "II"]
[BlackTitle "II"]
[WhiteElo "1690"]
[BlackElo "1568"]

1. d4 d5 2. Bf4 Nf6 3. e3 Bf5 4. c4 e6 5. Qb3 Qc8 6. Nc3 c6 7. Nf3 Nbd7 8. cxd5
exd5 9. Be2 Be7 10. O-O O-O 11. Rac1 b6 12. Ne5 Qb7 13. Qa4 b5 14. Qb3 a5 15.
a4 b4 16. Bf3 Nxe5 17. Bxe5 Bd3 18. Bxf6 Bxf1 19. Nxd5 gxf6 20. Nxe7+ Qxe7 21.
Kxf1 Qd6 22. Rxc6 Qxh2 23. Rxf6 Rac8 24. Bc6 Kg7 25. Rf3 Rxc6 26. Qd5 Rg6 27.
Rh3 Qc7 28. g3 Kh8 29. b3 Rd8 30. Qh5 Rg7 31. Qf5 Qd7 32. Qh5 Qd5 33. Qh4 Rc8
34. Qe7 Qf3 35. Ke1 Rc1+ 0-1

[Event "Druzynowe Mistrzostwa Polski Juniorow - II liga"]
[Site "Sypniewo k. Jastowia"]
[Date "2024-06-17"]
[Round "7.46"]
[White "Kiecana, Ignacy"]
[Black "Slys, Jan"]
[Result "0-1"]
[WhiteTitle "II"]
[BlackTitle "II"]
[WhiteElo "1452"]
[BlackElo "1625"]

1. e4 c5 2. Nf3 e6 3. d4 cxd4 4. Nxd4 Nf6 5. Nc3 d6 6. Be2 Nc6 7. Be3 Be7 8. O-O
a6 9. f4 Bd7 10. Kh1 Rc8 11. Qd2 b5 12. a3 Na5 13. e5 Nd5 14. Nxd5 exd5 15. exd6
Bxd6 16. b3 O-O 17. Bd3 Nc6 18. Nxc6 Bxc6 19. Bd4 Qd7 20. Rf3 f5 21. Rg3 Rf7 22.
Qe2 Bxf4 23. Rh3 Re8 24. Qf3 Be5 25. Bxe5 Rxe5 26. Qg3 Qe7 27. Rf1 d4 28. Rh5
Be4 29. h3 Bxd3 30. Qxd3 g6 31. Qg3 f4 32. Rxe5 fxg3 33. Rxe7 Rxf1# 0-1

[Event "Druzynowe Mistrzostwa Polski Juniorow - II liga"]
[Site "Sypniewo k. Jastowia"]
[Date "2024-06-17"]
[Round "7.47"]
[White "Kucia, Kinga"]
[Black "Babinska, Liwia"]
[Result "1/2-1/2"]
[WhiteTitle "I"]
[BlackTitle "I"]
[WhiteElo "1550"]
[BlackElo "1702"]

1. d4 d5 2. c4 e6 3. Nc3 Nf6 4. Bg5 c6 5. e3 Qa5 6. Bxf6 gxf6 7. cxd5 cxd5 8. a3
Bd7 9. Nf3 Bd6 10. Qb3 Bc6 11. Bb5 Bxb5 12. Qxb5+ Qxb5 13. Nxb5 Kd7 14. Rc1 Nc6
15. Nd2 a6 16. Nc3 b6 17. O-O Rhc8 18. Nb3 Rab8 19. Rc2 Ne7 20. Rfc1 f5 21. g3
h5 22. h4 Rg8 23. Ne2 Ng6 24. Kf1 Nf8 25. Nd2 Ng6 26. Nf3 f6 27. Nc3 Ne7 28. Rd1
Nc6 29. Nd2 Rgc8 30. Nb3 Be7 31. Rdc1 1/2-1/2

[Event "Druzynowe Mistrzostwa Polski Juniorow - II liga"]
[Site "Sypniewo k. Jastowia"]
[Date "2024-06-17"]
[Round "7.49"]
[White "Niesporek, Franciszek"]
[Black "Siwek, Leon"]
[Result "1-0"]
[WhiteTitle "I"]
[BlackTitle "II"]
[WhiteElo "1782"]
[BlackElo "1602"]

1. e4 d5 2. exd5 Qxd5 3. Nc3 Qa5 4. g3 Nf6 5. Bg2 c6 6. Nf3 Bf5 7. O-O e6 8. d3
Nbd7 9. Nd2 Nd5 10. Nc4 Qd8 11. a4 Be7 12. a5 Nc5 13. Bd2 O-O 14. Ne4 Bxe4 15.
dxe4 Nf6 16. Qe2 Nfd7 17. e5 Qc7 18. h4 Rad8 19. Rfd1 Rfe8 20. h5 h6 21. b4 Na6
22. c3 Ndb8 23. Be4 Kh8 24. Bc2 Nd7 25. Qf3 Rf8 26. Be3 Qb8 27. Rxd7 Rxd7 28.
Qe4 g6 29. hxg6 fxg6 30. Qxg6 Bg5 31. Bxg5 hxg5 32. Qh6+ Kg8 33. Qxe6+ Rdf7 34.
Nd6 Nc7 35. Qc4 Nd5 36. Nxf7 Rxf7 37. Qd4 Qc8 38. Be4 Qe6 39. c4 Nxb4 40. Qd8+
Kg7 41. Qxg5+ Kf8 42. Rd1 Rd7 43. Rxd7 Qxd7 44. Qf5+ Qxf5 45. Bxf5 Ke7 46. g4
1-0

[Event "Druzynowe Mistrzostwa Polski Juniorow - II liga"]
[Site "Sypniewo k. Jastowia"]
[Date "2024-06-17"]
[Round "7.50"]
[White "Broszkiewicz, Stanislaw"]
[Black "Zimny, Karol"]
[Result "1/2-1/2"]
[WhiteTitle "II+"]
[BlackTitle "II"]
[WhiteElo "1700"]
[BlackElo "1725"]

1. d4 Nf6 2. c4 c5 3. d5 b5 4. cxb5 a6 5. bxa6 g6 6. Nc3 Bg7 7. e4 Qa5 8. Bd2 O-O
9. Nf3 Bxa6 10. Bxa6 Nxa6 11. O-O d6 12. Qe2 Rfb8 13. Rfb1 Nb4 14. Ne1 Qa6 15.
Kf1 Ng4 16. a3 Bxc3 17. Qxa6 Nxa6 18. Bxc3 Rb3 19. Nf3 Nc7 20. h3 Nf6 21. Nd2
Rb7 22. a4 Na6 23. a5 Nd7 24. Ra4 Rab8 25. Ke2 Kf8 26. Rba1 Ke8 27. Nc4 f6 28.
Nb6 Kd8 29. Nxd7 Kxd7 30. f3 Kc7 1/2-1/2

[Event "Druzynowe Mistrzostwa Polski Juniorow - II liga"]
[Site "Sypniewo k. Jastowia"]
[Date "2024-06-17"]
[Round "7.51"]
[White "Lassak, Franciszek"]
[Black "Wojciechowski, Szymon"]
[Result "1/2-1/2"]
[WhiteTitle "II"]
[BlackTitle "I"]
[WhiteElo "1533"]
[BlackElo "1837"]

1. d4 d5 2. Nf3 e6 3. c3 h6 4. Bf4 Bd6 5. Bg3 Nf6 6. e3 O-O 7. Bd3 b6 8. Ne5 c5
9. Nd2 Qc7 10. f4 Ba6 11. Bxa6 Nxa6 12. O-O Rac8 13. Qe2 Nb8 14. Ndf3 Ne4 15.
Nd2 Nxd2 16. Qxd2 cxd4 17. exd4 b5 18. Rae1 b4 19. Rf3 Qa5 20. f5 bxc3 21. bxc3
exf5 22. Bf4 Bxe5 23. dxe5 Qb6+ 24. Be3 Qe6 25. Bxa7 Nc6 26. Bd4 Rfe8 27. Qf4
Ne7 28. g3 Rc5 29. Rb1 Ra8 30. Rf2 Rc6 31. Rb7 Kh7 32. g4 g6 33. g5 h5 34. Rfb2
Rac8 35. Ra7 R8c7 36. Rxc7 Rxc7 37. Rb6 Rc6 38. Rb7 Ra6 39. Ra7 Rxa7 40. Bxa7
Nc6 41. Bd4 Qe7 42. h4 Qa3 43. e6 Nxd4 44. cxd4 1/2-1/2

[Event "Druzynowe Mistrzostwa Polski Juniorow - II liga"]
[Site "Sypniewo k. Jastowia"]
[Date "2024-06-17"]
[Round "7.52"]
[White "Sniedziewski, Emil"]
[Black "Karnowka, Kacper"]
[Result "1-0"]
[WhiteTitle "II+"]
[BlackTitle "II"]
[WhiteElo "1838"]
[BlackElo "1510"]

1. e4 c5 2. Nf3 d6 3. d4 cxd4 4. Nxd4 Nf6 5. Nc3 g6 6. g3 Bg7 7. Bg2 O-O 8. O-O
Nc6 9. Nde2 Bd7 10. Re1 Ng4 11. h3 Nf6 12. a4 Qc8 13. Kh2 h5 14. Nd5 Nxd5 15.
exd5 Ne5 16. f4 Nc4 17. Ra2 b6 18. b3 Na5 19. Bb2 h4 20. g4 Nb7 21. Bxg7 Kxg7
22. c4 Nc5 23. Nd4 Re8 24. Rae2 e6 25. dxe6 fxe6 26. Bxa8 Qxa8 27. Re3 Qb8 28.
Nb5 d5 29. Qd4+ Kh7 30. cxd5 Bxb5 31. axb5 Qd6 32. b4 Nd7 33. Rxe6 Rxe6 34. Rxe6
Qf8 35. d6 g5 36. Re7+ Kg8 37. Qd5+ Kh8 38. Qxg5 Ne5 39. Qh5+ Kg8 40. Qh7# 1-0

[Event "Druzynowe Mistrzostwa Polski Juniorow - II liga"]
[Site "Sypniewo k. Jastowia"]
[Date "2024-06-17"]
[Round "7.55"]
[White "Gorny, Tomasz"]
[Black "Paprocki, Antoni"]
[Result "0-1"]
[WhiteTitle "I"]
[BlackTitle "k"]
[WhiteElo "1876"]
[BlackElo "2164"]

1. e4 e5 2. Nf3 Nc6 3. Bc4 Nf6 4. Ng5 d5 5. exd5 Na5 6. Bb5+ Bd7 7. Qe2 Bd6 8.
Bxd7+ Qxd7 9. Nc3 c6 10. dxc6 Nxc6 11. d3 Nd4 12. Qd1 Rc8 13. O-O b5 14. a3 a5
15. Be3 O-O 16. Nge4 Be7 17. Nxf6+ Bxf6 18. Rc1 Rfd8 19. Qd2 Be7 20. Ne2 Qg4 21.
f3 Qe6 22. Rfe1 Nf5 23. Kh1 h6 24. f4 e4 25. d4 Qa2 26. c3 Nxe3 27. Qxe3 Qxb2
28. Qxe4 Re8 29. Qd3 Qxa3 30. Qxb5 Rb8 31. Qd3 Ra8 32. Ng3 Bf8 33. h3 a4 34. Red1
Qd6 35. Qf3 a3 36. Ne4 Qe6 37. Nd2 a2 38. Ra1 Ra3 39. Qd3 Rc8 40. d5 Qf6 41. Ne4
Qxf4 42. Qd4 Re8 43. Re1 Raa8 44. Qd3 f5 45. d6 fxe4 46. Qd5+ Qf7 47. Qd4 Qf6
48. d7 Red8 49. Qxe4 Ra7 50. Qd5+ Qf7 51. Qxf7+ Kxf7 52. Rf1+ Kg8 53. Rf2 Rdxd7
54. Raxa2 Rd1+ 55. Kh2 Bd6+ 56. g3 Rxa2 57. Rxa2 Rd3 58. Rf2 Rxc3 59. h4 Kf7 60.
Kh3+ Kg6 61. Kg4 h5+ 62. Kh3 Rxg3+ 0-1

[Event "Druzynowe Mistrzostwa Polski Juniorow - II liga"]
[Site "Sypniewo k. Jastowia"]
[Date "2024-06-17"]
[Round "7.56"]
[White "Herka, Jakub"]
[Black "Gulinski, Maciej"]
[Result "1/2-1/2"]
[WhiteTitle "I"]
[BlackTitle "II"]
[WhiteElo "1796"]
[BlackElo "1617"]

1. d4 d5 2. c4 c6 3. Nf3 e6 4. e3 f5 5. Be2 Nf6 6. O-O Bd6 7. b3 Qe7 8. a4 Ne4
9. Ba3 Bxa3 10. Nxa3 O-O 11. Nc2 a5 12. Nce1 Bd7 13. Nd3 Be8 14. Nfe5 Nd7 15.
Nxd7 Qxd7 16. Ne5 Qe7 17. Qc2 Rf6 18. f3 Ng5 19. Bd3 Nf7 20. Nxf7 Bxf7 21. e4
fxe4 22. fxe4 Bg6 23. e5 Rxf1+ 24. Rxf1 Bxd3 25. Qxd3 Qb4 26. Qh3 Re8 27. Qf3
Rf8 28. Qxf8+ Qxf8 29. Rxf8+ Kxf8 30. c5 Ke7 31. Kf2 Kd7 32. Ke3 Kc7 33. Kd3 b6
34. Kc3 bxc5 35. dxc5 Kb7 36. Kd4 Ka6 37. Kd3 Kb7 1/2-1/2

[Event "Druzynowe Mistrzostwa Polski Juniorow - II liga"]
[Site "Sypniewo k. Jastowia"]
[Date "2024-06-17"]
[Round "7.57"]
[White "Smolinski, Wojciech"]
[Black "Bednarek, Jan"]
[Result "0-1"]
[WhiteTitle "I"]
[BlackTitle "I"]
[WhiteElo "1841"]
[BlackElo "1786"]

1. e4 c5 2. Nf3 d6 3. d4 cxd4 4. Nxd4 Nf6 5. Nc3 a6 6. h3 e5 7. Nb3 Be7 8. Be3
Be6 9. f4 O-O 10. f5 Bd7 11. Be2 Bc6 12. Bf3 b5 13. a3 a5 14. O-O b4 15. axb4
axb4 16. Rxa8 Bxa8 17. Nd5 Nxd5 18. exd5 Nd7 19. Qd2 Nf6 20. Qxb4 Nxd5 21. Bxd5
Bxd5 22. Ra1 Qc8 23. Ra7 Qc7 24. c4 Qxc4 25. Nd2 Qc2 26. Nf1 Qe2 27. Qd2 Qxd2
28. Nxd2 Bf6 29. b4 Rb8 30. Ra5 Ba8 31. Nc4 Be7 32. Ra7 Bf8 33. b5 Bd5 34. Nb6
Be4 35. g4 Rb7 36. Ra8 f6 37. Rd8 Kf7 38. Nc8 d5 39. b6 d4 40. Bd2 Bc6 41. Ba5
Bd7 42. Rxf8+ Kxf8 43. Nd6 Rb8 44. b7 Bc6 45. Bc7 Rxb7 46. Nxb7 Bxb7 47. Bb6 Kf7
48. Kf2 g6 49. fxg6+ hxg6 50. h4 Ke6 51. Ke2 f5 52. gxf5+ gxf5 53. Bd8 Be4 54.
Bg5 f4 55. Kd2 Bg6 56. Ke2 Kd5 57. Be7 Ke4 58. Bb4 Bh5+ 59. Kd2 f3 60. Ke1 Ke3
0-1

[Event "Druzynowe Mistrzostwa Polski Juniorow - II liga"]
[Site "Sypniewo k. Jastowia"]
[Date "2024-06-17"]
[Round "7.58"]
[White "Zawisza, Alan"]
[Black "Biela, Jan"]
[Result "1-0"]
[WhiteTitle "II"]
[BlackTitle "II"]
[WhiteElo "1755"]
[BlackElo "1569"]

1. e4 c5 2. Nf3 Nf6 3. Nc3 d6 4. d4 cxd4 5. Nxd4 Nc6 6. Bg5 g6 7. f3 Bg7 8. Be3
O-O 9. Qd2 d5 10. O-O-O dxe4 11. Nxc6 Qxd2+ 12. Rxd2 bxc6 13. Nxe4 Nd5 14. Bg5
f6 15. c4 Nc7 16. Be3 Be6 17. Nc5 Rfd8 18. Rxd8+ Rxd8 19. Bf4 Rd4 20. Bxc7 Bxc4
21. Nb3 Bh6+ 22. Kc2 Bxb3+ 23. axb3 Rd2+ 24. Kc3 e5 25. Bc4+ Kg7 26. g3 Rd7 27.
Bb8 Be3 28. Ra1 Rb7 29. Bd6 c5 30. Kc2 Rd7 31. Ra6 h5 32. Rc6 Bg1 33. h3 1-0

[Event "Druzynowe Mistrzostwa Polski Juniorow - II liga"]
[Site "Sypniewo k. Jastowia"]
[Date "2024-06-17"]
[Round "7.59"]
[White "Leks, Emilia"]
[Black "Michniak, Julia"]
[Result "1-0"]
[WhiteTitle "I"]
[BlackTitle "I"]
[WhiteElo "1519"]
[BlackElo "1509"]

1. d4 Nf6 2. c4 e6 3. Nf3 d5 4. Nc3 Ne4 5. e3 b6 6. Qa4+ Qd7 7. Qxd7+ Nxd7 8. cxd5
Nxc3 9. dxe6 fxe6 10. bxc3 g6 11. Bc4 Nf6 12. Ng5 Nd5 13. Bb2 h6 14. Nf3 Bg7 15.
O-O c6 16. Rfe1 Nc7 17. Ba3 c5 18. Rac1 b5 19. Bd3 Kf7 20. Bxc5 Bb7 21. e4 Rhd8
22. Re3 h5 23. Ne5+ Bxe5 24. dxe5 Rd7 25. Bd6 a6 26. f4 Rad8 27. Bc2 Ne8 28. Bc5
Rd2 29. a3 Rc8 30. Bd4 b4 31. axb4 Nc7 32. Bd3 Nb5 33. Bxb5 axb5 34. Ra1 Ra8 35.
Rxa8 Bxa8 36. h3 Rd1+ 37. Kh2 Bc6 38. g4 hxg4 39. hxg4 Rf1 40. Kg3 Rg1+ 41. Kh4
Rf1 42. Kg5 Bb7 43. f5 gxf5 44. exf5 exf5 45. e6+ Ke8 46. gxf5 Rg1+ 47. Kf6 Rh1
48. Rg3 Rh8 49. Ke5 Rf8 50. Rg7 Bc8 51. Bc5 Rh8 52. Rc7 1-0

[Event "Druzynowe Mistrzostwa Polski Juniorow - II liga"]
[Site "Sypniewo k. Jastowia"]
[Date "2024-06-17"]
[Round "7.67"]
[White "Serewa, Antoni"]
[Black "Przybylski, Bartosz"]
[Result "0-1"]
[WhiteTitle "I"]
[BlackTitle "k"]
[WhiteElo "1890"]
[BlackElo "2085"]

1. d4 Nf6 2. c4 e6 3. Nf3 d5 4. Nc3 Nbd7 5. Bg5 Bb4 6. e3 c5 7. Bd3 Qa5 8. O-O
Bxc3 9. bxc3 dxc4 10. Bxc4 Ne4 11. Qd3 Nxc3 12. a4 a6 13. dxc5 Nxc5 14. Qd6 f6
15. Bh4 N5e4 16. Qd3 e5 17. Nd2 Bf5 18. Nxe4 Nxe4 19. Qe2 O-O-O 20. Rfc1 Kb8 21.
f3 Nc5 22. Be1 Qb6 23. a5 Qa7 24. Bf2 Bd3 25. Bxd3 Nxd3 26. Rc3 Nxf2 27. Qxf2
Rd5 28. Qc2 Ka8 29. Qb3 Rhd8 30. Rac1 Qb8 31. Qb4 Qd6 32. Qxd6 R8xd6 33. Rc8+
Ka7 34. Rg8 Rd7 35. Ra1 h6 36. h4 Rc5 37. Kh2 Rc2 38. h5 e4 39. fxe4 Rc3 40. Kg3
Rxe3+ 41. Kf4 Re2 42. Kf3 Rc2 43. Ra3 Rdc7 44. g3 R2c3+ 45. Rxc3 Rxc3+ 46. Kf4
Rc7 47. Kf5 b6 48. axb6+ Kxb6 49. Kg6 a5 50. Rxg7 Rxg7+ 51. Kxg7 a4 52. Kxh6 a3
53. Kg6 a2 54. h6 a1=Q 55. h7 f5 56. exf5 Qh8 57. g4 Kc6 58. g5 Kd6 59. Kh6 Ke7
60. Kg6 Qe8+ 61. Kh6 Kf7 62. g6+ Kf6 63. g7 Qe3+ 0-1

[Event "Druzynowe Mistrzostwa Polski Juniorow - II liga"]
[Site "Sypniewo k. Jastowia"]
[Date "2024-06-17"]
[Round "7.68"]
[White "Polak, Aleksander"]
[Black "Rzenca, Jerzy"]
[Result "0-1"]
[WhiteTitle "II"]
[BlackTitle "I"]
[WhiteElo "1554"]
[BlackElo "1875"]

1. d4 d5 2. c4 e6 3. Nc3 Be7 4. Nf3 Nf6 5. cxd5 exd5 6. Bg5 h6 7. Bh4 c6 8. e3
Bf5 9. Bd3 Bxd3 10. Qxd3 O-O 11. O-O Nbd7 12. a3 Ne4 13. Bxe7 Qxe7 14. b4 a6 15.
Rab1 Rfc8 16. Nd2 f5 17. Ncxe4 fxe4 18. Qe2 Qg5 19. a4 Nb6 20. Qd1 Re8 21. b5
cxb5 22. axb5 a5 23. Nb3 Nc4 24. b6 Re6 25. Nc5 Rg6 26. g3 h5 27. Nxb7 h4 28.
g4 Nd2 29. h3 Nxb1 30. Qxb1 Rb8 31. Nxa5 Rgxb6 32. Qd1 Qe7 33. Qc1 Qd6 34. Qc3
Ra8 35. Rc1 Rbb8 36. Qc5 Qxc5 37. Rxc5 Rd8 38. Nc6 Rd7 39. Ne5 Ra1+ 40. Kg2 Rb7
41. Rc2 Rbb1 42. f3 Rg1+ 43. Kf2 Raf1+ 44. Ke2 exf3+ 45. Nxf3 Rg2+ 46. Kxf1 Rxc2
47. Kg1 Re2 48. Nxh4 Rxe3 49. Nf5 Re4 50. Kf2 Kh7 51. Kg3 g6 52. Nh4 Rxd4 53.
Nf3 Ra4 54. h4 Ra8 55. Kf4 Rf8+ 56. Ke3 Re8+ 57. Kd4 Re4+ 58. Kxd5 Rxg4 59. Ke5
Kh6 0-1

[Event "Druzynowe Mistrzostwa Polski Juniorow - II liga"]
[Site "Sypniewo k. Jastowia"]
[Date "2024-06-17"]
[Round "7.69"]
[White "Ozog, Bartosz"]
[Black "Kosecki, Kacper"]
[Result "1-0"]
[WhiteTitle "I"]
[BlackTitle "III"]
[WhiteElo "1747"]
[BlackElo "1444"]

1. d4 d5 2. Bg5 c6 3. e3 h6 4. Bh4 Nf6 5. Bxf6 exf6 6. c4 Nd7 7. cxd5 cxd5 8. Nc3
Nb6 9. Qb3 Be7 10. g3 O-O 11. Bg2 Be6 12. Nge2 Qd7 13. O-O Rac8 14. Rfe1 Rc6 15.
Rac1 a5 16. a4 Bb4 17. Red1 Bxc3 18. Nxc3 Rd8 19. Nb5 Rxc1 20. Rxc1 Nc4 21. Rc3
Bh3 22. Qc2 Bxg2 23. Kxg2 Rc8 24. b3 Nb6 25. Qd2 Rxc3 26. Qxc3 Qc6 27. Qxc6 bxc6
28. Na7 Kf8 29. Nxc6 Ke8 30. Nxa5 Kd7 31. Nb7 Na8 32. Nc5+ Kc6 33. b4 Kb6 34.
Kf3 Nc7 35. b5 Ka5 36. Kf4 g6 37. h4 h5 38. f3 Kb6 39. Nd7+ 1-0

[Event "Druzynowe Mistrzostwa Polski Juniorow - II liga"]
[Site "Sypniewo k. Jastowia"]
[Date "2024-06-17"]
[Round "7.73"]
[White "Skrzypinski, Jan"]
[Black "Sowa, Roch"]
[Result "0-1"]
[WhiteTitle "I++"]
[BlackTitle "I"]
[WhiteElo "1942"]
[BlackElo "1707"]

1. e4 c5 2. Nf3 e6 3. b3 b6 4. d4 cxd4 5. Nxd4 Bb7 6. Nd2 Nc6 7. Bb2 Nxd4 8. Bxd4
Nf6 9. Bd3 a6 10. O-O d5 11. Qf3 Be7 12. e5 Nd7 13. Qg4 g6 14. Rae1 Nc5 15. Kh1
Rc8 16. Be2 Ne4 17. Nxe4 dxe4 18. c3 O-O 19. Rd1 Qc7 20. b4 Rfd8 21. Qg3 b5 22.
Rfe1 Bf8 23. a3 Bg7 24. f4 exf3 25. Bxf3 Bxf3 26. gxf3 Rd5 27. Re4 a5 28. Rg1
axb4 29. axb4 Ra8 30. Re2 Ra3 31. Qf4 Qc4 32. Qe3 Rd8 33. Reg2 Rda8 34. h4 Ra2
35. h5 Rxg2 36. Kxg2 Ra2+ 37. Kh3 Re2 38. Qf4 Qd5 39. Qg4 Bxe5 40. Rh1 0-1

[Event "Druzynowe Mistrzostwa Polski Juniorow - II liga"]
[Site "Sypniewo k. Jastowia"]
[Date "2024-06-17"]
[Round "7.74"]
[White "Wolak, Maciej"]
[Black "Stachowiak, Bruno"]
[Result "0-1"]
[WhiteTitle "II"]
[BlackTitle "II+"]
[WhiteElo "1806"]
[BlackElo "1815"]

1. e4 c5 2. Nf3 Nc6 3. d4 cxd4 4. Nxd4 Nf6 5. Nc3 d6 6. Be2 e5 7. Nb3 Be7 8. O-O
O-O 9. Be3 Be6 10. Bf3 a6 11. Nd5 Bxd5 12. exd5 Nb8 13. c4 b6 14. Nd2 a5 15. a3
Na6 16. g3 Nd7 17. Rb1 f5 18. Nb3 Bg5 19. Bxg5 Qxg5 20. Bg2 a4 21. Nc1 Nac5 22.
Nd3 f4 23. Re1 fxg3 24. fxg3 Nxd3 25. Qxd3 Nc5 26. Qe2 Rf6 27. Rf1 Raf8 28. Rbe1
Qg6 29. Rxf6 Rxf6 30. Rf1 Rxf1+ 31. Qxf1 Qd3 32. Qxd3 Nxd3 33. Bf1 Nxb2 34. Be2
Kf7 35. Kf2 Kf6 36. Ke3 Kf5 37. h3 h5 38. Kd2 Ke4 39. Kc3 Ke3 40. Bxh5 Nd3 41.
Bd1 Nc5 42. Kb4 Nd3+ 43. Kb5 Nb2 44. Bh5 Kd4 45. Be2 Kc3 46. h4 Kb3 47. Kxb6 Nxc4+
48. Kc6 Nxa3 49. Kxd6 Nc4+ 50. Kc5 Na5 51. d6 Nb7+ 52. Kd5 Nxd6 53. Kxd6 a3 54.
Bf3 Kc3 55. Bd5 e4 56. Bxe4 a2 57. g4 a1=Q 58. h5 Kd4 59. Bf5 Qa6+ 60. Ke7 Qf6+
61. Kd7 Kc5 0-1